| Tag |
First Indicator |
Second Indicator |
Subfields |
| LEADER |
00000pam a2200000 a 4500 |
| 001 |
in00004459205 |
| 005 |
20191202121341.0 |
| 008 |
850304s1985 nyua 00110 eng |
| 010 |
|
|
|a 85004975
|
| 020 |
|
|
|a 0452253608 :
|c $5.95 (6.95 Can.)
|
| 035 |
|
|
|a (OCoLC)11842188
|
| 035 |
|
|
|9 AAB3733MS
|
| 035 |
|
|
|z (UtOrBLW)5262
|
| 035 |
|
|
|a 8006
|
| 039 |
0 |
|
|a 2
|b 3
|c 3
|d 3
|e 3
|
| 040 |
|
|
|a DLC
|c DLC
|d TMV
|d UtOrBLW
|
| 049 |
|
|
|a TMVM
|c 1
|
| 050 |
0 |
0 |
|a SF985
|b .P47 1985
|
| 059 |
|
|
|l MS/BOOK STKS
|v 8
|y 1
|z 3
|t BOOK
|k CIRCULATING
|i 323890026501$
|n NL
|a SF 985
|b P453c 1985
|m 1
|
| 060 |
|
4 |
|a SF 985
|b P453c 1985
|
| 100 |
1 |
|
|a Perper, Robert J.
|
| 245 |
1 |
4 |
|a The complete medical guide to cats /
|c Robert J. Perper and Edward S. Kepner, with Randi Londer ; illustrations by Joy Schleh.
|
| 264 |
|
1 |
|a New York :
|b New American Library,
|c 1985.
|
| 300 |
|
|
|a lvi, 420 pages :
|b illustrations ;
|c 24 cm.
|
| 336 |
|
|
|a text
|2 rdacontent
|b txt
|
| 337 |
|
|
|a unmediated
|2 rdamedia
|
| 338 |
|
|
|a volume
|2 rdacarrier
|b nc
|
| 500 |
|
|
|a "NAL books."
|
| 500 |
|
|
|a Includes index.
|
| 650 |
|
2 |
|a Cat Diseases.
|
| 700 |
1 |
|
|a Kepner, Edward S.
|
| 700 |
1 |
|
|a Londer, Randi.
|
| 940 |
|
|
|a copy plain
|
| 999 |
|
|
|a MARS
|
| 999 |
f |
f |
|s da37f92c-63af-39b0-8545-5c62d3be9621
|i b7ab468b-2034-3bf1-b7ae-7787ea12e73e
|t 0
|
| 952 |
f |
f |
|p preservation
|a Texas A&M University
|b J.J. Pickle Campus
|c High Density Repository
|d Remote Storage
|t 0
|e SF 985 P453c 1985
|h National Library of Medicine classification
|i unmediated -- volume
|m 323890026501$
|
| 998 |
f |
f |
|a SF 985 P453c 1985
|t 0
|l Remote Storage
|